书目信息 |
| 题名: |
普通话教程
|
|
| 作者: | 尹新兰 总主编 ;王玉琳 编 | |
| 分册: | ||
| 出版信息: | 上海 上海交通大学出版社 2005 |
|
| 页数: | 286页 | |
| 开本: | 21cm | |
| 丛书名: | ||
| 单 册: | ||
| 中图分类: | H102 | |
| 科图分类: | ||
| 主题词: | 普通话--高等教育--教材 , 普通话 | |
| 电子资源: | ||
| ISBN: | 7-313-02788-5 | |
| 000 | 00797nam0 2200253 450 | |
| 001 | 012002011257 | |
| 005 | 20061112153120.64 | |
| 010 | @a7-313-02788-5@dCNY16.00 | |
| 100 | @a20041220d2005 em y0chiy0110 ea | |
| 101 | 0 | @achi |
| 102 | @aCN@b310000 | |
| 105 | @ay z 000yy | |
| 200 | 1 | @a普通话教程@9pu tong hua jiao cheng@f尹新兰总主编@g尹新兰主编@g王玉琳编 |
| 205 | @a3版 | |
| 210 | @a上海@c上海交通大学出版社@d2005 | |
| 215 | @a286页@d21cm | |
| 330 | @a本书在全面系统、深入浅出地讲解普通话语音理论知识的同时,加强了基本技能的训练。书中还增加了普通话测试的内容。 | |
| 606 | 0 | @a普通话@x高等教育@j教材 |
| 606 | 0 | @a普通话 |
| 690 | @aH102@v4 | |
| 701 | 0 | @a尹新兰@9yin xin lan@4总主编 |
| 702 | 0 | @a王玉琳@9wang yu lin@4编 |
| 801 | 0 | @aCN@bNLC@c20061112 |
| 905 | @a10447@dH102@e116=3 | |
| 普通话教程/尹新兰总主编/尹新兰主编/王玉琳编.-3版.-上海:上海交通大学出版社,2005 |
| 286页;21cm |
| ISBN 7-313-02788-5:CNY16.00 |
| 本书在全面系统、深入浅出地讲解普通话语音理论知识的同时,加强了基本技能的训练。书中还增加了普通话测试的内容。 |
| ● |
| 相关链接 |
|
|
|
|
正题名:普通话教程
索取号:H102/116=3
 
预约/预借
| 序号 | 登录号 | 条形码 | 馆藏地/架位号 | 状态 | 备注 |
| 1 | 0383517 | 203835172 | 第二样本阅览室/ [索取号:H102/116=3] | 在馆 | |
| 2 | 0383518 | 203835181 | 第四借阅区/ [索取号:H102/116=3] | 在馆 | |
| 3 | 0383519 | 203835190 | 第四借阅区/ [索取号:H102/116=3] | 在馆 | |
| 4 | 0383520 | 203835207 | 第四借阅区/ [索取号:H102/116=3] | 在馆 | |
| 5 | 0383521 | 203835216 | 第四借阅区/ [索取号:H102/116=3] | 在馆 |